| 000 | 00956cam a22002775i 4500 | ||
|---|---|---|---|
| 999 |
_c12565 _d12565 |
||
| 003 | EG-ScBUE | ||
| 005 | 20200122134452.0 | ||
| 008 | 200122s2003 ua g 000 p ara d | ||
| 017 | _a2003 / 10836 | ||
| 020 | _a9773054969 | ||
| 040 |
_aEG-ScBUE _bara _erda _cEG-ScBUE _dEG-ScBUE |
||
| 082 | 0 | 4 |
_a892.716 _bع ل ي _222 |
| 100 | 1 |
_aعلي الدين، حمدي، _eمؤلف. |
|
| 245 | 1 | 0 |
_aمن حوارات البراءة : _bشعر / _cحمدي علي الدين. |
| 250 | _aالطبعة الأولى. | ||
| 264 | 1 |
_aالقاهرة : _bالهيئة العامة لقصور الثقافة، _c2003. |
|
| 300 |
_a104 صفحة ؛ _c22 سم. |
||
| 336 |
_aنص _btxt _2rdacontent |
||
| 337 |
_aبدون وسيط _bn _2rdamedia |
||
| 338 |
_aمجلد _bnc _2rdacarrier |
||
| 490 | 0 |
_aإبداعات ؛ _v187 |
|
| 650 | 7 |
_aالشعر العربي _vدواوين وقصائد. _2BUEsh _97996 |
|
| 651 | _2BUEsh | ||
| 653 |
_bARALIT _bGGEN |
||
| 942 |
_2ddc _cBB |
||